000 00435nam a2200157Ia 4500
008 220204s9999 xx 000 0 und d
082 _a634
_bPOI
100 _aPOINCELOT, Raymond P
245 0 _aHorticulture: Principles and practical applications
260 _aNew Jersey
_bPrentice Hall
_c1980
650 _aGene pool sources
650 _aHorticulture
650 _aPlant propagation
650 _aPlant protection
942 _cBK
999 _c36233
_d36233